Search the Library Catalogue
| 000 -LEADER | |
|---|---|
| fixed length control field | 01324nam a2200169Ia 4500 |
| 008 - FIXED-LENGTH DATA ELEMENTS--GENERAL INFORMATION | |
| fixed length control field | 250718s9999 xx 000 0 und d |
| 020 ## - INTERNATIONAL STANDARD BOOK NUMBER | |
| ISBN | 9780747575436 |
| 082 ## - DEWEY DECIMAL CLASSIFICATION NUMBER | |
| Classification number | 940.5421236 |
| Item number | SMA |
| 100 ## - MAIN ENTRY--AUTHOR NAME | |
| Personal name | Small, Ken |
| 245 #4 - TITLE STATEMENT | |
| Title | The Forgotten Dead |
| 260 ## - PUBLICATION, DISTRIBUTION, ETC. (IMPRINT) | |
| Name of publisher | Bloomsbury Paperbacks |
| Year of publication | 2004 |
| 300 ## - PHYSICAL DESCRIPTION | |
| Number of Pages | 240 pages |
| 500 ## - GENERAL NOTE | |
| General note | On April 28, 1944, a rehearsal for the D-Day landings off England's Devon coast went terribly wrong. A series of blunders allowed German E-boats to intercept the convoy of landing ships, and 946 Americans—many of them young and untrained—lost their lives. Yet until the publication of The Forgotten Dead, the true scale of this tragedy had never before come to light. This is the story of one man and his obsession to honor the memory of the 946 American soldiers who died needlessly that night. In the early 1970s, Ken Small, a hotelier, began beachcombing along Slapton Sands, near his hotel. He soon discovered unexpended bullets, U.S. dollars, and the personal possessions of U.S. servicemen. Gradually, he pieced together the events of that night and began the struggle to erect a memorial to honor the dead soldiers. This is the story of how he fought governments on both sides of the Atlantic to uncover the truth. |
| 650 ## - SUBJECT ADDED ENTRY--TOPICAL TERM | |
| Topical Term | History |
| 942 ## - ADDED ENTRY ELEMENTS (KOHA) | |
| Koha item type | English Books |
| Withdrawn status | Lost status | Damaged status | Not for loan | Home library | Current library | Shelving location | Date acquired | Full call number | Accession Number | Price effective from | Koha item type |
|---|---|---|---|---|---|---|---|---|---|---|---|
| Anna Centenary Library | Anna Centenary Library | 7TH FLOOR, B WING | 18.07.2025 | 940.542123592 SMA | 498948 | 18.07.2025 | English Books |